000 00461nam a2200181Ia 4500
008 230125s9999 xx 000 0 und d
041 _aeng
082 _a659.1
_bRAT
100 _aRathor B S
_9107253
245 _aAdvertising management
260 _c1997
_bHimalaya Publishing House
300 _a363p
500 _aadvertising
500 _aAdvertising
650 _aMarketing Management
_9107254
700 _aRathor B S
_9107253
999 _c84453
_d84453